Economics /

Salvato in:
Dettagli Bibliografici
Autori principali: Samuelson, Paul A (Autore), Nordhaus, William D (Autore)
Natura: Libro
Pubblicazione: New York : McGraw-Hill, 1989
Edizione:13. Edition
Tags: Aggiungi Tag
Nessun Tag, puoi essere il primo ad aggiungerne!!

MARC

LEADER 00000nam a22000003a 4500
001 stu46754
005 20150617225715.8
008 ------s1989----xxu---------------------d
040 |a STU  |b slo 
041 0
044 |a xxu 
080 |a 330  |7 stu_us_auth*stu7629 
100 1 |a Samuelson, Paul A  |4 aut 
245 1 |a Economics /  |c [aut.] Samuelson,Paul A.; Nordhaus,William D 
250 |a 13. Edition 
260 |a New York :  |b McGraw-Hill,  |c 1989 
300 |a 1013 s 
700 1 |a Nordhaus, William D  |4 aut 
996 |b J84961  |c J*84961/›D  |l JJST  |s P  |a 0  |w stu46754_0001